• 首页
  • 本馆介绍
  • 公告通知
  • 最新文献
  • 馆藏检索
  • 电子资源
  • 读者导购
  • 参考咨询
  • 我的图书馆
  • 登录
  • 详细信息显示
  • 放入我的书架
  • 预约/预借图书
  • 作者相关作品
  • 分类相关作品
  • 丛书相关作品
  • 出版社相关作品

书目信息

  • 表格格式
  • 工作单格式
  • 卡片格式
题名:
考研英语历年真题详解及复习指南(试题册)
    
 
作者: 任胜雷 , 李小艾 , 高林显 主编 ;新东方教育科技集团 编著
分册:  
出版信息: 北京   群言出版社  2012
页数: 96页
开本: 28cm
丛书名: 新东方大愚英语学习丛书
单 册:
中图分类: H310.421 , H310.42
科图分类:
主题词: 英语--研究生--入学考试--升学参考资料 , 英语
电子资源:
ISBN: 978-7-80256-223-3
000 01546oam2 2200385 450
001 1574074918
005 20150706203512.92
010    @a978-7-80256-223-3@dCNY54.60
090    @aH31@bglx
096    @aH31@bglx
100    @a20120720d2012 em y0chiy50 ea
101 0  @achi@aeng
102    @aCN@b110000
105    @ay z 000yy
106    @ar
200 1  @a考研英语历年真题详解及复习指南(试题册)@Akao yan ying yu li nian zhen ti xiang jie ji fu xi zhi nan(shi ti ce)@b专著@e2003-2012@f新东方研发中心编著
205    @a2版
210    @a北京@c群言出版社@d2012
215    @a96页@d28cm@e1光盘@e1试题册(96页)
225 2  @a新东方大愚英语学习丛书
300    @a新东方决胜考研系列
307    @a附光盘:ISBN 978-7-900277-13-8
314    @a主编:高林显、任胜雷、李小艾
330    @a本书分为“考研英语试题分析及复习指南”与“考研英语试题精读透析”两部分:试题分析及复习指南部分,不仅结合历年真题统计数据阐释了各题型的命题规律和特点,而且提供了实用、中肯的解题技巧和备考指导;考研英语试题精读透析部分收录了2003-2012年考研试题精读解析。
461  0 @1001002901087
606 0  @a英语@x研究生@x入学考试@j升学参考资料
606 0  @a英语
690    @aH310.421@v5
690    @aH310.42@v4
701  0 @a任胜雷@Aren sheng lei@4主编
701  0 @a李小艾@c(英语)@Ali xiao ai@4主编
701  0 @a高林显@Agao lin xian@4主编
712 02 @a新东方教育科技集团@b研究发展中心@4编著@Axin dong fang jiao yu ke ji ji tuan
801  0 @aCN@b北京新华书店首都发行所有限公司数据中心@c20120331
905    @aZUCC@dH310.42@et14
    
    考研英语历年真题详解及复习指南(试题册):2003-2012/新东方研发中心编著 .-2版 .-北京:群言出版社,2012
    96页;28cm+1光盘+1试题册(96页) .-(新东方大愚英语学习丛书 )
    新东方决胜考研系列
    
    ISBN 978-7-80256-223-3:CNY54.60
    本书分为“考研英语试题分析及复习指南”与“考研英语试题精读透析”两部分:试题分析及复习指南部分,不仅结合历年真题统计数据阐释了各题型的命题规律和特点,而且提供了实用、中肯的解题技巧和备考指导;考研英语试题精读透析部分收录了2003-2012年考研试题精读解析。
●
相关链接 在E读中查询图书 在五车中查询图书 在当当中查询图书 在豆瓣中查询图书


正题名:考研英语历年真题详解及复习指南(试题册)     索取号:H310.42/t14         预约/预借

序号 登录号 条形码 馆藏地/架位号 状态 备注
1 6940051   269400515   密集书库-体育系/ [索取号:H310.42/t14] 在馆    
唐山师范学院图书馆 欢迎您!
大连网信软件有限公司© 版权所有